| 000 | 01039nam a2200265 a 4500 | ||
|---|---|---|---|
| 001 | BRCA_6496 | ||
| 005 | 20190320205500.0 | ||
| 008 | 260911s1907----gw-#######---#000-0#eng-# | ||
| 041 | _aeng | ||
| 044 | _agw | ||
| 050 | 4 |
_aPZ3 _b.B75 13 1907 |
|
| 100 | 1 |
_aTwain, Mark _d1835-1910 _q(Samuel L. Clemens) _914927 |
|
| 245 | 1 | 0 |
_aThe _30,000 [i.e. Treinta mil] bequest and other stories _cby Mark Twain. |
| 260 |
_aLeipzig, Alemania _bBernhard Tauchnitz _c1907 |
||
| 300 |
_a304 p. _c17 cm. |
||
| 440 | 0 |
_aCollection of British authors. Tauchnitz edition _vv. 3959 _916239 |
|
| 500 | _aContiene al final: lista completa de la Colección de Autores Británicos y Estadounidenses, 31 p. | ||
| 500 | _aEstado físico: cubierta rota del lomo, hoja suelta p. 87-90 | ||
| 500 | _aVer también CEF6, H144, L2, L15, L16, L17, L18, L19, L20, L22, L23, L24, L25, L27, L32, L166, N9, N11, N12, N13 y N17 | ||
| 500 | _aL26 | ||
| 650 | 1 | 4 |
_aLiteratura estadounidense _916240 |
| 650 | 1 | 4 |
_aLiteratura inglesa _916241 |
| 902 | _aGFM | ||
| 942 |
_2lcc _cB |
||
| 999 |
_c6180 _d6180 |
||